Track List du "Chant des Sirènes " (OrelSan - 2011) - Statistiques

Statistiques générales
  • Ce quiz a été pris 91 fois
  • Le résultat moyen est 13 sur 16
Statistiques - réponses
Hint Réponse % Correct
Au fond, j'crois qu' … / Pour une seule bonne raison / Après avoir fait l'tour du monde / Tout c'qu'on veut, c'est être à la maison La Terre est Ronde
97%
J'entends ... / Regarde autour de moi tous ces gens qui m'aiment Le Chant des Sirènes
97%
Je mène une ...... / Celle avec ma petite amie, celle avec les autres filles Double Vie
96%
Bibadabim bibadaboum / ... / Bibadabim bibadabadaboum / Trop ... Ils sont cools
94%
Aujourd'hui sera le dernier jour de mon existence Suicide social
94%
J'attends, pas grand-chose de spécial / Les jours passent et se ressemblent un peu / Tout le temps, la tête dans les étoiles / Des tonnes de personnes défilent sous mes yeux Si Seul
88%
Sa mère voulait attendre et la marier / Son père voulait la pendre et la noyer La Petite Marchande de porte-clefs
87%
Santé ! J'porte un toast à la mort de l'industrie Raelsan
84%
Han, si tu souffles dans l'ballon t'es mort / Si t'accélère ils pourront peut-êt' pas t'attraper, ... Mauvaise Idée
79%
..., maintenant, je rap comme je veux, parce qu'on est en ...... , je me laisse pousser les cheveux, parce qu'on est en ... 2010
78%
J'ai ... (he) / ... / ... / ... / J'ai des flashs de la veille / Des flashs de la veille / Des flashs de la veille / Des flashs de la veille Des trous dans la tête
76%
Y'aura pas d'tunnel, pas d'lumière, pas d'rivière, pas d'ange après qu'elle t'emmène / Et pourtant ... Elle viendra quand même
76%
Depuis quand, pour devenir populaire, faut faire des trucs de geeks ? Plus rien ne m'étonne
76%
Tchiki tchek le mic quand j'arrive dans la session / Comme mon survêt Adidas, j'augmente la pression 1990
75%
Y a des millions de femmes sur Terre / Mais c'est à elle que je pense / Je pensais l'oublier facilement pourtant elle me hante Finir mal
71%
J'ai l'impression de faire ... / Ça m'énerve moi-même quand je cause / Mais j'ai l'impression que ça va mal / Même si j'peux pas faire grand chose La Morale
69%
Aucun quiz correspondant
Distribution des résultats
% des personnes avec chaque résultat
Percentile par nombre de réponses
Votre historique - résultats
Vous n’avez pas pris ce quiz